| 000 | 01330nam a22003737a 4500 | ||
|---|---|---|---|
| 003 | CHAP | ||
| 005 | 20220817040828.0 | ||
| 008 | 971013s1983 r 00010 d | ||
| 010 | _a1032 | ||
| 011 | _a2004 | ||
| 035 | _a1189 | ||
| 040 | _cCHAP | ||
| 082 |
_a631.41 _bN4 |
||
| 100 | 0 | 0 |
_aNelson, D. W. _980772 |
| 245 |
_aChemical mobility and reactivity in soil systems _b: proceedings |
||
| 260 |
_aMadison, Wis. : _bSoil Science Society of America, _c1983 |
||
| 300 |
_a262 p. _b: ilus. ; gráfs. |
||
| 490 |
_aSSSA. Special publication _v; 11 |
||
| 500 | _a40-18 | ||
| 590 |
_aBATCH-UPD _b10 _c20130110 _lUCH01 _h1525 |
||
| 590 |
_aBATCH-UPD _b10 _c20130410 _lUCH01 _h0935 |
||
| 590 |
_aBATCH-UPD _b10 _c20130914 _lUCH01 _h1838 |
||
| 590 |
_aCONVERSION _b10 _c20130109 _lUCH01 _h1302 |
||
| 650 | 1 | 4 |
_aSuelos _xComposición. _9110280 |
| 650 | 1 | 4 |
_aSuelos _xFísica de. _9110373 |
| 650 | 1 | 4 |
_aSuelos _xQuímica de. _9110470 |
| 710 | 0 |
_aSoil Science Society of America. Madison, Wis. _9108304 |
|
| 830 | 0 |
_aSSSA Special publication _v; 11 |
|
| 901 | _aBK | ||
| 942 | _cLIBRO | ||
| 949 |
_a631.41 N4 _bBC _cLIBRO _d33724000066643 _eLIBRO _fc.2 _h77564 _i1189 _si _t64.42 |
||
| 949 |
_a631.41 N4 _bBC _cLIBRO _d33724000066650 _eLIBRO _fc.3 _h80105 _i1189 _si _t64.42 |
||
| 949 |
_a631.41 N4 _bBC _cLIBRO _d33724000066668 _eLIBRO _h68186 _i1189 _si _t64.42 |
||
| 999 |
_c1032 _d1032 |
||